Новите супершпиони (Запис номер 178912)
[ съкратено ]
| 000 -Лидер | |
|---|---|
| Контролно поле с фиксирана дължина | 02043nam a2200445 c 4500 |
| 003 - Код на организацията, давaща контролен номер | |
| Контролно поле | BLK |
| 005 - Дата и час на последна редакция | |
| Контролно поле | 20250228093633.0 |
| 008 - Елементи от данни с фиксирана дължина | |
| fixed length control field | 180411b bul|||||r ||||||| ||bul|| |
| 010 ## - Наследен системен номер | |
| LC control number | KNG00187672000 |
| 020 ## - Международен стандартен номер на книга ISBN | |
| Международен стандартен номер на книга ISBN | 978-954-398-439-8 |
| 040 ## - Източник на каталожния запис | |
| Идентификатор на билиотеката - собственик на записа | BLK |
| 041 ## - Код за език | |
| Код за езика на текст/звукозапис или на отделно заглавие | Български |
| Код за езика КДБФ | Български |
| 072 #7 - Код за тематичната категория | |
| Код организация | bullib |
| Код за тематична категория | Н32 |
| Текст | Политика Н |
| 080 ## - УДК | |
| Текстов определител УДК | Шпионаж. Политическо влияние чрез тайни (разузнавателни) служби |
| УДК код - определител по УДК | 327.84 |
| УДК - код + определител | 327.84 |
| 080 ## - УДК | |
| Текстов определител УДК | Разузнавателна служба. Тайна служба. Шпионаж. Разузнавателна информация. Вж и 327.84 ; 344.1 |
| УДК код - определител по УДК | 355.40 |
| УДК - код + определител | 355.40 |
| 100 1# - Редна дума - Автор | |
| Автор | Грей, Стивън |
| Авторска отговорност | първи автор |
| R(LIN) | 341575 |
| 139 ## - Редно поле | |
| Редна дума | Грей, Стивън |
| Авторски знак | Гре - Г 79 |
| 245 10 - Сведения за заглавието | |
| Заглавие | Новите супершпиони |
| Подзаглавни данни | В шпионажа - от Студената война до глобалния терор |
| Редно поле (дума) | Стивън Грей; прев. от англ. Жана Василева Тотева. |
| 257 ## - Страна на издаване | |
| Страна на създаване/издаване | Великобритания |
| 260 ## - Област на издателските данни | |
| Място на издаване, разпространение и проч. | София |
| Име на издателя, разпространителя и проч. | Труд |
| Година на издаване | 2016 |
| Печатница | Равно поле : Бет Принт |
| 300 ## - Физическа характеристика | |
| Страници | 368 с. |
| Размери/Мащаб | 21 см |
| 380 ## - Жанр | |
| Жанр | Обществени науки |
| 490 ## - СЕРИИ (Колекции) | |
| Име на серия | Поредица Строго секретно |
| 500 ## - Общи забележки | |
| Забележка | Без сведение за ориг. загл. - Речник ; Хронология ; Азб. показалец. - Библиогр. с.349-354. |
| 650 #4 - Допълнително описание по предмет – тема | |
| Основно описание – тема или топоним | Шпионаж и диверсия |
| 9 (RLIN) | 242689 |
| 650 #4 - Допълнително описание по предмет – тема | |
| Основно описание – тема или топоним | Разузнаване - история |
| 9 (RLIN) | 270054 |
| 650 #4 - Допълнително описание по предмет – тема | |
| Основно описание – тема или топоним | Тайни служби |
| 9 (RLIN) | 266564 |
| 653 ## - Ключова дума – ненормативна | |
| Ключова дума | шпионаж |
| 653 ## - Ключова дума – ненормативна | |
| Ключова дума | разузнаване |
| 653 ## - Ключова дума – ненормативна | |
| Ключова дума | тайни служби |
| 659 ## - Тематичен бюлетин | |
| Тематичен бюлетин | Н |
| 700 1# - Други автори (авторска отговорност) | |
| Лично име | Тотева, Жана Василева |
| Автороска отговорност (Описва отношението между автора и произведението) | прев. от англ. |
| 9 (RLIN) | 370345 |
| 852 ## - Местоположение | |
| Форматна сигнатура | Цб 280379 |
| 856 4# - Електронен адрес и достъп | |
| Електронен формат | pdf - файл |
| 856 4# - Електронен адрес и достъп | |
| Електронен формат | pdf - файл |
| 942 ## - АРТИКУЛИ | |
| Вид на библиотечния материал | Книги |
| Скрит в OPAC | Не |
| Koha issues (borrowed), all copies | 6 |
| 944 ## - СЪЗДАВАНЕ И РЕДАКЦИЯ на ЗАПИСА | |
| Създаване/Редакция | Създаване |
| Дата на регистрацията/редакция | 14.04.2016 |
| Статус, дата на статуса | Грета Цуфелде |
| Служител, извършил регистрацията/редакцията | 30537 |
| 944 ## - СЪЗДАВАНЕ И РЕДАКЦИЯ на ЗАПИСА | |
| Създаване/Редакция | Редакция |
| Дата на регистрацията/редакция | 30.05.2017 |
| Статус, дата на статуса | ф / |
| Служител, извършил регистрацията/редакцията | Пенка_Димитрова |
| 999 ## - СИСТЕМНИ КОНТРОЛНИ НОМЕРА | |
| Koha biblionumber | 178912 |
| Koha biblioitemnumber | 178912 |
| 999 ## - СИСТЕМНИ КОНТРОЛНИ НОМЕРА | |
| Koha biblioitemnumber | 178912 |
| Код за отписване | Код за изгубен артикул | Код за повреда | Коз за рестрикции | Код за отдаване | Артикулен № | Име на библиотеката - собственик | Име на библиотеката, в която се намира в момента | Статус (Текущо местоположение) | Дата на вписване в системата | Местоположение - отдел | Цена в лева | Инвентарен номер | Систематично азбучна сигнатура | Баркод | Номер на екземпляра | Цена в евро | Служебна бележка | Служебен тип на артикула | Източник на класификационната схема |
|---|---|---|---|---|---|---|---|---|---|---|---|---|---|---|---|---|---|---|---|
| Не е изгубен | Не е повреден | без рестрикции | заемане за дома | 307020 | Регионална библиотека "Любен Каравелов" Русе | Регионална библиотека "Любен Каравелов" Русе | Заемна - подръчен фонд | 2016-04-14 | Заемна - подръчен фонд | 12.47 | 120000799739 | П 327.8/Г 79 | 120000799739 | 1 | 6.38 | Дост: Pk Вид: Ф N: 646 Дата: 13.04.2016 Дата инв: 06.02.2018 Бележки инв: П2018 | Книги | ||
| Не е изгубен | Не е повреден | без рестрикции | ползва се в читалня | 307021 | Регионална библиотека "Любен Каравелов" Русе | Регионална библиотека "Любен Каравелов" Русе | Хранилище | 2017-05-30 | Хранилище | 15.99 | 120000811735 | Цб 280379 | 120000811735 | 2 | 8.18 | Дост: Dp Вид: Д N: 17 Дата: 31.03.2017 | Книги | ||
| Не е изгубен | Не е повреден | без рестрикции | заемане за дома | 307595 | Регионална библиотека "Любен Каравелов" Русе | Регионална библиотека "Любен Каравелов" Русе | Заемна - подръчен фонд | 2016-05-31 | Заемна - подръчен фонд | 15.99 | 120000800522 | П 327.8/Г 79 | 120000800522 | 1 | 8.18 | Дост: Pk Вид: Ф N: 461 Дата: 30.05.2016 Дата инв: 06.02.2018 Бележки инв: П2018 | Книги | Universal Decimal Classification |